| 000 | 00395nam a22001457a 4500 | ||
|---|---|---|---|
| 999 |
_c7895 _d7895 |
||
| 003 | OSt | ||
| 005 | 20200530112052.0 | ||
| 008 | 200530b ||||| |||| 00| 0 eng d | ||
| 020 | _a9780985467456 | ||
| 082 |
_a307.3416 _bKOL |
||
| 100 | _a Kolson, Kenneth L., | ||
| 245 | _aBig plans : the allure and folly of urban design | ||
| 260 |
_aAmerica _bJohns Hopkins University Press _c2003 |
||
| 942 | _2ddc | ||